LDR 00668naa#a2200181#i#450# 001 EN\\bibl\126250 005 20260701123228.3 011 ## _a2658-3488 100 ## _a20260630b2026####ek#y0engy0150####ca 102 ## _aRU 200 1# _aDESIGNING A MODEL OF AN AUTOMATED SYSTEM FOR ANALYZING FACTORS OF THE PSYCHOLOGICAL STATE OF AN ENTERPRISE EMPLOYEE _eJournal article 210 1# _aBryansk _cBryansk State Technical University _d2026 215 ## _a6 с. 608 ## _aJournal article _2local 675 ## _aБезопасность, защищённость данных. 004.056 _z 700 #1 _aKuznetsova _gNataliya Mihailovna 700 #1 _aKarlova _gTatyana Viacheslavovna 856 4# _azh-szf.ru _u